| 000 | 00774nam a2200241Ia 4500 | ||
|---|---|---|---|
| 003 | GCL | ||
| 008 | 140319s9999 xx 000 0 ara d | ||
| 040 |
_aGCL / _cGCL |
||
| 082 | 0 | 4 |
_a320.9 _bك ل |
| 100 | 1 | _aكويلاند, مايلز | |
| 245 | 1 | 0 |
_aلعبة الامم اللاخلاقية فى سياسة القوةالامريكية / _cكويلاند, مايلز |
| 700 | 1 | _aمروان خير (مترجم) | |
| 260 |
_a[S.N] : _bالانترناشونال سنتر |
||
| 300 | _a327 ص | ||
| 490 | _a | ||
| 650 | 0 | 4 | _aالمخابرات |
| 650 | 0 | 4 | _aالسياسة الدولية |
| 650 | 0 | 4 | _aالعلاقات الخارجية |
| 650 | 0 | 4 | _aلبنان |
| 650 | 0 | 4 | _aحركات التحرير |
| 650 | 0 | 4 | _aجمال عبدالناصر |
| 942 |
_2ddc _cBK |
||
| 999 |
_c29480 _d29480 |
||